Doctrinas esenciales: Gaceta jurídica. Derecho Comercial

Guardat en:
Dades bibliogràfiques
Autor principal: Verdugo Marinkovic, Mario (Autor)
Altres autors: Hernández Emparanza, Domingo (autor)
Format: Llibre
Idioma:espanyol
Publicat: Santiago Legal Publishing 2011
Edició:1a. ed
Matèries:
Etiquetes: Afegir etiqueta
Sense etiquetes, Sigues el primer a etiquetar aquest registre!

MARC

LEADER 00000cam a2200000 a 4500
001 UCG9128
003 CL-VaPUC
008 120120e20110400CL |||||||||||||||||spa|d
020 |a 9789562389907o.c 
020 |a 9789562389945t.3 
082 0 4 |a 346.07  |b VER  |2 21 
100 0 |a Verdugo Marinkovic, Mario  |e author  |9 560534 
700 |a Hernández Emparanza, Domingo  |e autor  |9 561173 
245 1 0 |a Doctrinas esenciales: Gaceta jurídica. Derecho Comercial 
250 |a 1a. ed 
300 |a t 
942 |c BK 
945 |d 20120120 00:00:00  |a dcastane 
260 |a Santiago  |b Legal Publishing  |c 2011 
650 0 |a Derecho comercial   |9 256340 
583 |a last modification  |c 20120120 10:38:00  |k Rodrigo Vera 
999 |c 346696  |d 346694 
952 |0 0  |1 0  |4 0  |6 346_070000000000000_VER_2011  |7 0  |8 A  |9 447500  |a BIBDER  |b BIBDER  |d 2019-11-22  |h t.3  |i 4833732  |o 346.07 VER 2011  |p 4833732  |r 2023-01-25  |w 2019-11-22  |y BK  |k DER